000 01958cam a22005054i 4500
003 PE-LiUPU
005 20250731173333.0
008 150616s r 000 0 d
035 _a(Sirsi) a431
040 _aPE-LiUPU
_bspa
_cPE-LiUPU
_erda
049 _aPRUA
082 0 4 _a253.7
_bW27
_221
100 1 _aWarren, Max Alexander Cunningham,
_d1904-,
_eautor.
245 1 0 _aCreo en la gran comisión /
_cMax Warren ; traductor: Edwin Sipowicz.
264 1 _aMiami, Florida :
_bEditorial Caribe,
_c1978.
300 _a207 páginas ;
_c20 cm
336 _atext
_2rdacontent
337 _aunmediated
_2rdamedia
338 _avolume
_2rdacarrier
490 0 _aCreo ;
_v3
505 0 _aEl Nuevo Testamento lo dice sin Ambages -- La Iglesia en la Historia lo dice sin Ambages -- Que significa hoy decirlo sin Ambages.
526 _aSEG42
526 _aSEG41
526 _aSEG40
526 _aSEG39
526 _aP94
526 _aP87
526 _aP86
526 _aP85
526 _aP77
526 _aP76
526 _aP35
650 0 4 _aMisión de la iglesia.
650 0 4 _aMisiones.
910 _ajck
_bjvq
_cjck
942 _2ddc
_cBOOK
949 _a253.7 W27
_wDEWEY
_c1
_i38804
_lCCODEBUL1
_mBUL
_pdollar45
_r0
_sY
_tBOOK
_u2015-04-23
_xTEOLOGIA
_PP35
_0COMPRA
_o.STAFF. Colección General
949 _a253.7 W27
_wDEWEY
_c2
_i18451
_lCCODEBUL1
_mBUL
_p00.00
_r0
_sY
_tBOOK
_u2015-04-23
_xTEOLOGIA
_zUNKNOWN
_0COMPRA
_o.STAFF. Colección General
994 _aC0
_bPEPRU
596 _a1
999 _a253.7 W27
_wDEWEY
_c48527
_i38804
_f2021-11-12
_g5
_lCCODEBUL1
_mBUL
_r0
_sY
_tBOOK
_u2015-4-23
_xTEOLOGIA
_PP35
_0COMPRA
_o.STAFF. Colección General
_d48527
999 _a253.7 W27
_wDEWEY
_c2
_i18451
_f2021-11-12
_g5
_lCCODEBUL1
_mBUL
_r0
_sY
_tBOOK
_u2015-4-23
_xTEOLOGIA
_zUNKNOWN
_0COMPRA
_o.STAFF. Colección General
980 _81
_gALBERTO SANCHEZ Responsable de Automatización